মরমী কবি খোদা বকশ শাহ : (Record no. 65266)
[ view plain ]
| 000 -LEADER | |
|---|---|
| fixed length control field | 01013nam a2200241 a 4500 |
| 001 - CONTROL NUMBER | |
| control field | 65266 |
| 003 - CONTROL NUMBER IDENTIFIER | |
| rucl marc code | BD-RjUL |
| 005 - DATE AND TIME OF LATEST TRANSACTION | |
| control field | 20211209081414.0 |
| 008 - FIXED-LENGTH DATA ELEMENTS--GENERAL INFORMATION | |
| fixed length control field | 170302s1997 bg a|||| b||| 00| 0 ben d |
| 020 ## - INTERNATIONAL STANDARD BOOK NUMBER | |
| International Standard Book Number | 9840735810 |
| 035 ## - SYSTEM CONTROL NUMBER | |
| System control number | (BD-RjUL)65396 |
| 040 ## - CATALOGING SOURCE | |
| Original cataloging agency | BD-RjUL |
| Language of cataloging | ben |
| Transcribing agency | BD-RjUL |
| Modifying agency | BD-RjUL |
| 041 ## - LANGUAGE CODE | |
| Language code of text/sound track or separate title | ben |
| 082 ## - DEWEY DECIMAL CLASSIFICATION NUMBER | |
| Edition number | 23 |
| Classification number | 782.4209 |
| Author mark and year | HUM 1997 |
| 100 ## - MAIN ENTRY--PERSONAL NAME | |
| Personal name | হক, খোন্দকার রিয়াজুল |
| 9 (RLIN) | 117919 |
| 245 10 - TITLE STATEMENT | |
| Title | মরমী কবি খোদা বকশ শাহ : |
| Remainder of title | জীবন ও সঙ্গীত / |
| Statement of responsibility, etc. | খোন্দকার রিয়াজুল হক |
| 260 ## - PUBLICATION, DISTRIBUTION, ETC. (IMPRINT) | |
| Place of publication, distribution, etc. | ঢাকা : |
| Name of publisher, distributor, etc. | বাংলা একাডেমী, |
| Date of publication, distribution, etc. | ১৯৯৭ |
| 300 ## - PHYSICAL DESCRIPTION | |
| Pagination | ২৫৫ পৃ. : |
| Illustrations | চিত্র ; |
| Size | ২৩ সেমি |
| 504 ## - BIBLIOGRAPHY, ETC. NOTE | |
| Bibliography, etc | গ্রন্থপঞ্জি সংযুক্ত |
| 650 ## - SUBJECT ADDED ENTRY--TOPICAL TERM | |
| Topical term or geographic name as entry element | লালন সঙ্গীত |
| General subdivision | ইতিহাস ও সমালোচনা |
| 9 (RLIN) | 146389 |
| Topical term or geographic name as entry element | Folk sons |
| General subdivision | History and Criticism |
| 9 (RLIN) | 146390 |
| 942 ## - ADDED ENTRY ELEMENTS (KOHA) | |
| Source of classification or shelving scheme | Dewey Decimal Classification |
| Koha item type | Books |
| Lost status | Source of classification or shelving scheme | Damaged status | Not for loan | Collection code | Permanent Location | Current Location | Shelving location | Date acquired | Source of acquisition | Cost, normal purchase price | Total Checkouts | Full call number | Date last seen | Copy number | Koha item type |
|---|---|---|---|---|---|---|---|---|---|---|---|---|---|---|---|
| Dewey Decimal Classification | Not For Loan | Non-fiction | Central Library, University of Rajshahi | Central Library, University of Rajshahi | Reading Room | 21/07/2012 | Dhaka paragon enterprises ltd. | 85.00 | B 782.4209 HUM 1997 | 02/03/2017 | C-1 | Books |